000 00761nmc a2200289 a 4500
003 AR-BaBNM
005 20251128210337.0
008 080020s1987 ||||||||||||||000 | spa||
020 _a950-23-0080-7
040 _cAR-BaBNM
100 1 _aSimpson, George Gaylord
245 1 0 _aEl sentido de la evolución
250 _a7ª ed.
260 _aBuenos Aires
_bEudeba
_c1987
300 0 _a320 p.
_bil.
490 0 _aLectores de Eudeba
500 0 _aContiene al final del libro un índice alfabético
650 4 _aANTROPOLOGIA
650 4 _aEVOLUCION
650 4 _aNATURALEZA HUMANA
650 4 _aETICA
650 4 _aBIOLOGIA
700 1 _aCalvelo, José Manuel
_etraductor
700 1 _aWulff, Renata
_etraductor
942 _cBK
998 _claura
999 _c15050
_d15050